| 000 | 00839nam a2200277 i 4500 | ||
|---|---|---|---|
| 001 | 178083 | ||
| 003 | ES-MaACL | ||
| 005 | 20250801034209.0 | ||
| 007 | t| | ||
| 008 | 110517s1961 sp r ||||1| spa d | ||
| 080 | _a257.2 | ||
| 080 | _a27 | ||
| 080 | _a398 | ||
| 100 | 1 |
_aAllevi, Luigi. _9146557 |
|
| 245 | 1 | 0 |
_aMisterios paganos y sacramentos cristianos / _cLuigi Allevi ; [traducción de Joaquín Blázquez]. |
| 260 |
_aBarcelona : _bHerder, _c1961. |
||
| 300 |
_a85 p. ; _c18 cm. |
||
| 490 | 1 |
_aPequeña biblioteca Herder ; _v6 |
|
| 650 | 0 | 4 |
_aPaganismo. _915786 |
| 650 | 0 | 7 |
_aCristianismo _2embne _911425 |
| 650 | 4 |
_aMisterios religiosos. _9146558 |
|
| 700 | 1 |
_aBlázquez, Joaquín. _929440 |
|
| 830 | 0 |
_aPequeña biblioteca Herder ; _v6 _9190720 |
|
| 852 |
_aES-MaACL _jE-15118 _xOlim P-274 |
||
| 999 |
_c178083 _d178083 |
||